000 00581nam a2200193Ia 4500
005 20250508153413.0
008 008 250505s9999 xx 000 0 eng d
037 _aTextual
040 _aFEDL
_beng
_cFEDL
041 _aeng
_2eng
084 _a370.97, UNI
_qFEDL
245 0 _aEducation in the United States of America
245 0 _cU S Department of Health, Education, and Welfare
260 _aWashington, USA
_bU.S. Government Printing Office
_c1955
300 _a72p.
650 _aEducation
942 _cTEXL
_h370.97, UNI
999 _c1342612
_d1342612